| 000 | 00516nam a2200181Ia 4500 | ||
|---|---|---|---|
| 999 |
_c28031 _d28031 |
||
| 003 | OSt | ||
| 005 | 20201207113736.0 | ||
| 008 | 190216s9999||||xx |||||||||||||| ||und|| | ||
| 020 | _a9788124006108 | ||
| 040 | _coclc | ||
| 082 |
_a894.8124 _bKAR/M |
||
| 100 |
_aKarassery, M N _91986 |
||
| 245 | 0 |
_aMararude Kurukshethram / _cM N Karassery |
|
| 260 |
_bVallathol Vidyapeedam, _aCalicut: _c1998. |
||
| 300 | _a86p | ||
| 650 | _aPrabandam | ||
| 942 |
_cBK _2ddc _h894.8124 _iKAR/M _k894.8124 _mKAR/M |
||